000
00287nam a22001337a 4500
008
210225b ||||| |||| 00| 0 eng d
020
_a
9780131839595
041
_a
eng
080
_a
159.9
100
_a
48
101
_a
PSI
245
_a
Psychology
_c
Ciccarelli, K.S
942
_2
udc
_c
BK
999
_c
55180
_d
55180